Pfälzische Städte und Gemeinden mit Bahnanschluss - Statistiken

Allgemein
  • Dieses Quiz wurde 28 mal gespielt
  • Das Durchschnittsergebnis liegt bei 8 aus 20
Answers on the Grid
Answers color-coded by a green-red scale on the quiz's grid according to % correct below.
Ludwigshafen
Herxheim bei Landau
St. Martin
Speyer
Neuhofen
Edenkoben
Grünstadt
Hauenstein
Harthausen
Kandel
Trippstadt
Fischbach bei Dahn
Bad Bergzabern
Waldmohr
Thallichtenberg
Contwig
Waldfischbach-Burgalben
Ramstein-Miesenbach
Mutterstadt
Altleiningen
Lambrecht
Ramberg
Freinsheim
Böhl-Iggelheim
Hochstadt
Annweiler (Trifels)
Klingenmünster
Wattenheim
Kirchheimbolanden
Wallhalben
Enkenbach-Alsenborn
Leimen
Bockenheim (Weinstraße)
Deidesheim
Nothweiler
Gommersheim
Rheinzabern
Römerberg
 
Antwortstatistiken
Antwort % Korrekt
Ludwigshafen
100%
Speyer
75%
Annweiler (Trifels)
50%
Bad Bergzabern
50%
Deidesheim
50%
Grünstadt
50%
Kandel
50%
Lambrecht
50%
Böhl-Iggelheim
38%
Edenkoben
38%
Freinsheim
38%
Rheinzabern
38%
Bockenheim (Weinstraße)
25%
Enkenbach-Alsenborn
25%
Hauenstein
25%
Kirchheimbolanden
25%
Römerberg
25%
Ramstein-Miesenbach
13%
Contwig
0%
Waldfischbach-Burgalben
0%
Keine übereinstimmenden Quizze gefunden
Verteilung der Resultate
Anzahl Personen mit jedem Resultat
Perzentil nach korrekt beantworteten Fragen
Ihre Resultats-Entwicklung
Sie haben dieses Quiz noch nicht gespielt